| 000 | 00630nam a22001577a 4500 | ||
|---|---|---|---|
| 003 | OSt | ||
| 005 | 20160401150303.0 | ||
| 008 | 160401b xxu||||| |||| 00| 0 eng d | ||
| 040 | _cRUA | ||
| 082 | _aFOR SAO 1996 B473 Or.1 | ||
| 100 |
_98301 _aSAO VANNY, សៅ វ៉ាន្នី |
||
| 245 | _aEffectiveness of the animal conservation at phnom tamao zoo, សិក្សាប្រសិទ្ធិភាពនៃការអភិរក្សសត្វព្រៃនៅតំបន់សួនសត្វភ្នំតាម៉ៅ | ||
| 260 |
_aPhnom Penh _bRUA _c1996 |
||
| 300 |
_a77p. _bill. _c29cm. |
||
| 942 |
_2ddc _cFOR |
||
| 999 |
_c7938 _d7938 |
||